El Tribunal Internacional de Justicia y la proteccin̤ cautelar de los derechos de los estados

Bibliographic Details
Main Author: Abad Castelos, Montserrat
Corporate Author: Universidad de La Coruą. ℓrea de Derecho Internacional Pb︢lico
Format: Book
Language:Spanish
Published: A Coruą : Universidade, ℓrea de Dereito Internacional Pb︢lico [etc.], D.L. 2002.
Series:Coleccin̤ de publicaciones / Universidade da Coruą.
Subjects:
Online Access:Acceso restringido

MARC

LEADER 00000cam a2200000 i 4500
005 20111107140237.0
008 020826s2002 sp 000 0 spa d
017 |a D.L.SE1079-02 
020 |a 8481559024 
035 |a 5974 
040 |a SpMaUCDE  |d BUS  |d vLex 
080 |a 341.645.2:341.62 
090 |c 2747  |d 2747 
100 1 |a Abad Castelos, Montserrat. 
245 1 3 |a El Tribunal Internacional de Justicia y la proteccin̤ cautelar de los derechos de los estados  |h [Recurso electrn̤ico] /  |c Montserrat Abad Castelos. 
256 |a Servicio en ln̕ea. 
260 |a A Coruą :  |b Universidade, ℓrea de Dereito Internacional Pb︢lico [etc.],  |c D.L. 2002. 
300 |a 1 recurso electrn̤ico 
490 1 |a Coleccin̤ de publicaciones / Universidade da Coruą. 
504 |a Bibliog.  
506 1 |a Contenido solo disponible en los productos indicados  |d vLex Global  |d vLex Global (Academic Edition, excluding Law Schools)  |d vLex Global (U.S. Academic Edition, Law Schools)  |d vLex Global (U.S. Academic Edition, excluding Law Schools)  |d vLex Global (Academic Edition, Law Schools) 
610 2 4 |a Tribunal Internacional de Justicia. 
650 0 4 |a Medidas cautelares. 
710 2 |a Universidad de La Coruą.  |b ℓrea de Derecho Internacional Pb︢lico. 
740 0 |a vLex Libros (Servicio en ln̕ea) 
810 2 |a Universidad de La Coruą.  |t Coleccin̤ de publicaciones. 
856 4 0 |u http://vlex.com/source/tribunal-internacional-justicia-proteccion-cautelar-derechos-estados-5974  |z Acceso restringido 
942 |c BOOK